| 000 | 00444nam a2200157Ia 4500 | ||
|---|---|---|---|
| 008 | 230312s9999||||xx |||||||||||||| ||und|| | ||
| 020 | _a0-7645-5255-4 | ||
| 082 |
_a636.707 _bHOD-P |
||
| 100 | _aSarah Hodgson | ||
| 245 | 0 | _aPuppies for Dummies | |
| 260 |
_bWiley Publishers _aCanada _c2000 |
||
| 300 | _a356 | ||
| 546 | _aEng. | ||
| 650 |
_aArchitecture _vWhat the big deal?,Apuppy is just a puppy,Picking your breed,puppy phases |
||
| 942 | _cBK | ||
| 999 |
_c1241 _d1241 |
||